000 00570nam a2200169Ia 4500
008 090711s9999 xx 000 0 und d
082 _b976
100 _aगाला ध. रा.
245 _aनिसर्गोपSाार पध्दती
260 _bगाला पब्लिशर्स
_c1990
300 _a138
600 _aगाला ध. रा.
630 _aनिसर्गोपSाार पध्दती
700 _aगाला ध. रा.
730 _aनिसर्गोपSाार पध्दती
942 _cBOOK
999 _c333830
_d333830